000
00207 a2200097 4500
001
75205
090
_c
39102
_d
39102
100
_a
Kreitner,R
245
_a
Organizational Behavior
260
_a
Boston
_b
McGraw-Hill
_c
2001
942
_a
NUST-CAE
999
_c
310278
_d
310278